Loading...
Quotations. /
| Other Authors: | |
|---|---|
| Language: | Undetermined |
| Published: |
Writers workshop pvt ltd :
Calcutta ,
1990.
|
| Subjects: |
| LEADER | 00451nam a2200145Ia 4500 | ||
|---|---|---|---|
| 001 | 4486 | ||
| 008 | 170722s9999 xx 000 0 und d | ||
| 245 | |a Quotations. / | ||
| 260 | |a Writers workshop pvt ltd : |b Calcutta , |c 1990. | ||
| 300 | |a 149 p. |c 23cms | ||
| 653 | |a Quotations | ||
| 700 | |a Sahu, Surendra |e editor. | ||
| 942 | |c GEN | ||
| 999 | |c 163139 |d 163139 | ||
| 952 | |0 0 |1 0 |4 0 |6 Z_XN0R |7 0 |8 R |9 227367 |a LIB |b LIB |d 2013-12-27 |o z xN0(R) |p G25305 |r 2017-08-12 |w 2017-08-12 |y GEN | ||